The Gods and the dead of the domestic cult at Emar: A reassessment
| Main Author: | |
|---|---|
| Contributors: | |
| Format: | Print Article |
| Language: | English |
| Check availability: | HBZ Gateway |
| Interlibrary Loan: | Interlibrary Loan for the Fachinformationsdienste (Specialized Information Services in Germany) |
| Published: |
1996
|
| In: |
Emar
Year: 1996, Pages: 141-163 |
| Standardized Subjects / Keyword chains: | B
Emar
/ Cuneiform text
/ Akkadian language
|
| Further subjects: | B
Cult of the dead
B Custom |
MARC
| LEADER | 00000caa a22000002c 4500 | ||
|---|---|---|---|
| 001 | 1588974065 | ||
| 003 | DE-627 | ||
| 005 | 20221006125503.0 | ||
| 007 | tu | ||
| 008 | 190311s1996 xx ||||| 00| ||eng c | ||
| 020 | |a 1883053188 | ||
| 035 | |a (DE-627)1588974065 | ||
| 035 | |a (DE-576)518974065 | ||
| 035 | |a (DE-599)BSZ518974065 | ||
| 040 | |a DE-627 |b ger |c DE-627 |e rakwb | ||
| 041 | |a eng | ||
| 084 | |a 1 |a 0 |2 ssgn | ||
| 100 | 1 | |0 (DE-588)1100174184 |0 (DE-627)859146847 |0 (DE-576)469517883 |4 aut |a Schmidt, Brian B. |d 1955- | |
| 109 | |a Schmidt, Brian B. 1955- | ||
| 245 | 1 | 4 | |a The Gods and the dead of the domestic cult at Emar: A reassessment |
| 264 | 1 | |c 1996 | |
| 336 | |a Text |b txt |2 rdacontent | ||
| 337 | |a ohne Hilfsmittel zu benutzen |b n |2 rdamedia | ||
| 338 | |a Band |b nc |2 rdacarrier | ||
| 650 | 0 | 7 | |0 (DE-588)4060506-1 |0 (DE-627)106139312 |0 (DE-576)209135522 |a Totenkult |2 gnd |
| 650 | 0 | 7 | |0 (DE-588)4008017-1 |0 (DE-627)106370308 |0 (DE-576)208873813 |a Brauch |2 gnd |
| 689 | 0 | 0 | |d g |0 (DE-588)4387797-7 |0 (DE-627)188310991 |0 (DE-576)211912220 |2 gnd |a Emar |
| 689 | 0 | 1 | |d s |0 (DE-588)4130946-7 |0 (DE-627)105698687 |0 (DE-576)209623314 |2 gnd |a Keilschrifttext |
| 689 | 0 | 2 | |d s |0 (DE-588)4084837-1 |0 (DE-627)106064053 |0 (DE-576)209223626 |2 gnd |a Akkadisch |
| 689 | 0 | |5 (DE-627) | |
| 700 | 1 | |0 (DE-588)173416675 |0 (DE-627)698331451 |0 (DE-576)171493583 |4 oth |a Chavalas, Mark W. |d 1954- | |
| 773 | 0 | 8 | |i In |t Emar |d Bethesda, Md. : CDL Press, 1996 |g (1996), Seite 141-163 |h XVII, 179 S |w (DE-627)194680576 |w (DE-576)052896773 |z 1883053188 |7 nnam |
| 773 | 1 | 8 | |g year:1996 |g pages:141-163 |
| 935 | |a BIIN | ||
| 951 | |a AR | ||
| BIB | |a 1 | ||
| ELC | |b 1 | ||
| ITA | |a 1 |t 1 | ||
| LOK | |0 000 xxxxxcx a22 zn 4500 | ||
| LOK | |0 001 3058631987 | ||
| LOK | |0 003 DE-627 | ||
| LOK | |0 004 1588974065 | ||
| LOK | |0 005 20190311191706 | ||
| LOK | |0 008 190311||||||||||||||||ger||||||| | ||
| LOK | |0 035 |a (DE-Tue135-1)75615 | ||
| LOK | |0 040 |a DE-Tue135-1 |c DE-627 |d DE-Tue135-1 | ||
| LOK | |0 852 |a DE-Tue135-1 | ||
| LOK | |0 852 1 |c FTHAT034522/STB |m p |9 00 | ||
| LOK | |0 852 2 |b 20/4 |9 00 | ||
| LOK | |0 935 |a iSWA | ||
| LOK | |0 938 |k p | ||
| LOK | |0 939 |a 11-03-19 |b l12 | ||
| ORI | |a SA-MARC-ixtheoa001.raw | ||
| REL | |a 1 | ||
| STA | 0 | 0 | |a Akkadian language,Cult of the dead,Dead,Dead,Cuneiform text,Custom,Customs,Traditions,Custom,Folklore,Religious custom |
| STB | 0 | 0 | |a Akkadien,Culte des morts,Morts,Inscription cunéiforme,Us et coutumes,Us et coutumes |
| STC | 0 | 0 | |a Acádio,Culto de los muertos,Texto cuneiforme,Tradiciones y costumbres,Tradiciones y costumbres |
| STD | 0 | 0 | |a Accadico,Culto dei morti,Testo cuneiforme,Usi e costumi <motivo>,Usi e costumi,Usanza,Usanza,Usanza (motivo),Usanza |
| STE | 0 | 0 | |a 楔形文字文本,祭祀死者,风俗,传统,习俗 |
| STF | 0 | 0 | |a 楔形文字文本,祭祀死者,阿卡德語,風俗,傳統,習俗 |
| STG | 0 | 0 | |a Acádio,Culto dos mortos,Texto cuneiforme,Tradições e costumes,Tradições e costumes |
| STH | 0 | 0 | |a Аккадский (язык),Клинописный текст,Культ мёртвых,Народные обычаи (мотив),Народные обычаи |
| STI | 0 | 0 | |a Ήθη και έθιμα (μοτίβο),Ήθη και έθιμα,Ακκαδική γλώσσα,Κείμενο σφηνοειδούς γραφής,Λατρεία των νεκρών |
| SUB | |a BIB |a REL | ||
| SYE | 0 | 0 | |a Totenritual,Totenritus,Totenverehrung , Brauchtum,Volksbrauch,Bräuche,Volksbrauchtum,Volksbräuche |
| SYG | 0 | 0 | |a Imar,Aštata,Bālis,Barbalissos,Barbalissus , Assyrisch-Babylonisch,Babylonisch-Assyrisch,Ostsemitisch |



